Central Library OPAC University of Rajshahi

India in the seventeenth century / (Record no. 28277)

MARC details
000 -LEADER
fixed length control field 00755nam a22002297a 4500
001 - CONTROL NUMBER
control field 28277
003 - CONTROL NUMBER IDENTIFIER
rucl marc code BD-RjUL
005 - DATE AND TIME OF LATEST TRANSACTION
control field 20211209051248.0
008 - FIXED-LENGTH DATA ELEMENTS--GENERAL INFORMATION
fixed length control field 140330s1976 ii ||||| |||| 001 0 eng d
035 ## - SYSTEM CONTROL NUMBER
System control number (BD-RjUL)28358
040 ## - CATALOGING SOURCE
Original cataloging agency BD-RjUL
Language of cataloging eng
Transcribing agency BD-RjUL
Modifying agency BD-RjUL
041 ## - LANGUAGE CODE
Language code of text/sound track or separate title eng
082 04 - DEWEY DECIMAL CLASSIFICATION NUMBER
Edition number 19
Classification number 954.02
Author mark and year OVI 1976
100 1# - MAIN ENTRY--PERSONAL NAME
Personal name Ovington, J.
9 (RLIN) 86596
245 ## - TITLE STATEMENT
Title India in the seventeenth century /
Statement of responsibility, etc. By John Ovington, Edited with an introduction by J. P. Guha.
Number of part/section of a work Vol. I :
Name of part/section of a work A voyage to Suratt, in the year 1689.
260 ## - PUBLICATION, DISTRIBUTION, ETC. (IMPRINT)
Place of publication, distribution, etc. New Delhi :
Name of publisher, distributor, etc. Assoc. Publ. House,
Date of publication, distribution, etc. 1976.
300 ## - PHYSICAL DESCRIPTION
Pagination viii, 240 p. ;
Size 21 cm.
504 ## - BIBLIOGRAPHY, ETC. NOTE
Bibliography, etc Includes index.
651 #7 - SUBJECT ADDED ENTRY--GEOGRAPHIC NAME
Geographic name India
Relator term Commerce
General subdivision History.
9 (RLIN) 86597
700 1# - ADDED ENTRY--PERSONAL NAME
Personal name Guha, J. P. ,
942 ## - ADDED ENTRY ELEMENTS (KOHA)
Source of classification or shelving scheme Dewey Decimal Classification
Koha item type Books
Holdings
Lost status Source of classification or shelving scheme Damaged status Not for loan Collection code Permanent Location Current Location Shelving location Date acquired Source of acquisition Cost, normal purchase price Total Checkouts Full call number Date last seen Copy number Koha item type
  Dewey Decimal Classification   Added to bundle Non-fiction Central Library, University of Rajshahi Central Library, University of Rajshahi Reading Room 22/04/1976 K.P. Bachi & Colcuta 40.00   954.02 OVI V-1 1976 30/03/2014 C-1 Books